Polscy kardynałowie od roku 1900 - Statystyki

Ogólne statystyki
  • Ten quiz został rozwiązany 51 razy
  • Średni wynik to 9 z 19
Statystyki odpowiedzi
Żył w latach: Data kreacji: Tytuł: Kreowany przez: Odpowiedź % Poprawnych
1920-2005 26.06.1967 Kardynał prezbiter Paweł VI Karol Wojtyła
93%
1939-teraz 24.03.2006 Kardynał prezbiter Benedykt XVI Stanisław Dziwisz
93%
1901-1981 12.01.1953 Kardynał prezbiter Pius XII Stefan Wyszyński
93%
1964-teraz 30.09.2023 Kardynał prezbiter Franciszek Grzegorz Ryś
83%
1950-teraz 20.11.2010 Kardynał prezbiter Benedykt XVI Kazimierz Nycz
76%
1963-teraz 28.06.2018 Kardynał diakon Franciszek Konrad Krajewski
66%
1929-2013 02.02.1983 Kardynał prezbiter Jan Paweł II Józef Glemp
59%
1927-2016 30.06.1979 Kardynał prezbiter Jan Paweł II Franciszek Macharski
52%
1945-teraz 24.11.2007 Kardynał prezbiter Benedykt XVI Stanisław Ryłko
52%
1939-2020 21.02.2001 Kardynał prezbiter Jan Paweł II Zenon Grocholewski
41%
1923-2020 25.05.1985 Kardynał prezbiter Jan Paweł II Henryk Gulbinowicz
38%
1921-2013 21.10.2003 Kardynał diakon Jan Paweł II Stanisław Nagy
38%
1903-1974 05.03.1973 Kardynał prezbiter Paweł VI Bolesław Kominek
31%
1926-2020 21.02.2001 Kardynał prezbiter Jan Paweł II Marian Jaworski
28%
1924-2011 25.05.1985 Kardynał prezbiter Jan Paweł II Andrzej Maria Deskur
21%
1901-1978 24.05.1976 Kardynał diakon Paweł VI Bolesław Filipiak
21%
1914-2011 26.11.1994 Kardynał prezbiter Jan Paweł II Kazimierz Świątek
21%
1911-2007 21.02.1998 Kardynał prezbiter Jan Paweł II Adam Kozłowiecki
14%
1917-1990 30.06.1979 Kardynał prezbiter Jan Paweł II Władysław Rubin
14%
Nie znaleziono quizów pasujących do podanych kryteriów
Rozkład punktacji
Procent ludzi z każdym wynikiem
Percentyl według liczby udzielonych odpowiedzi
Twoja historia wyników
Nie rozwiązałeś tego quizu